Statistics for Championship/First Division Winners

Click here to take the quiz!

General Stats

  • This quiz has been taken 26 times
  • The average score is 21 of 26

Answer Stats

YearAnswer% Correct
1993Newcastle United
100%
2017Newcastle United
100%
2010Newcastle United
100%
2009Wolverhampton Wanderers
100%
2018Wolverhampton Wanderers
100%
1999Sunderland
96%
1996Sunderland
96%
2005Sunderland
96%
2007Sunderland
96%
1995Middlesbrough
83%
2004Norwich City
83%
2003Portsmouth
83%
2015Bournemouth
79%
2008West Bromwich Albion
79%
2013Cardiff City
75%
2014Leicester City
75%
2016Burnley
71%
2000Charlton Athletic
71%
1994Crystal Palace
71%
2001Fulham
71%
1997Bolton Wanderers
67%
2002Manchester City
67%
2006Reading
67%
2012Reading
67%
1998Nottingham Forest
63%
2011QPR
54%

Score Distribution

Percentile by Number Answered

Percent of People with Each Score

Your Score History

You have not taken this quiz